000 00847nam a2200313 a 4500
003 AR-BaBNM
005 20251128204238.0
008 082120s2002 ||||||||||||||000 | spa||
020 _a84-297-0918-5
040 _cAR-BaBNM
100 1 _aWeber, Max
_d1864-1920
245 0 0 _aLa ética protestante y el espíritu capitalista
250 _a12ª ed.
260 _aBarcelona
_bEdiciones Península
_c1993
300 _a262 p.
490 0 _aHistoria, ciencia, sociedad
_vv. 47
500 _aLa edición original de esta obra fue publicada en 1901
650 4 _aCAPITALISMO
650 4 _aPROTESTANTISMO
650 4 _aDOCTRINAS ECONOMICAS
650 4 _aSOCIOLOGIA ECONOMICA
650 4 _aHISTORIA ECONOMICA
650 4 _aSOCIOLOGIA
650 4 _aHISTORIA
650 4 _aECONOMIA
650 4 _aETICA
942 _cBK
998 _cMarce
999 _c6693
_d6693